000 01472nam a2200469 i 4500
001 9577
003 KOSZ 005
005 20221012142048.0
008 020718s1978 pl a f |000 0 pol
015 _aPB 1978/9933
035 _a(PL-WaBN)b15076301-48omnis_nlop
035 _ab15076301
035 _a(OCoLC)831034481
035 _a(PL)b0000015076301
040 _aWA N
_cWA N
_dKOSZ 005/HR
046 _k1978
080 _a669.1
080 _a533.5
100 1 _aTochowicz, Stanisław
_eAutor
245 1 0 _aMetalurgia próżniowa stali /
_cStanisław Tochowicz, Zygmunt Klisiewicz.
260 _aKatowice :
_b"Śląsk",
_c1978.
300 _a300 s. :
_bil., tab., wykr. ;
_c17 cm.
336 _2rdacontent
_aTekst
_btxt
337 _2rdamedia
_aBez urządzenia pośredniczącego
_bn
338 _2rdacarrier
_aWolumin
_bnc
380 _aKsiążki
380 _aPublikacje naukowe
388 _a1901-2000
490 1 _aBiblioteka Metalurga
504 _aBibliogr.
650 7 _aMetalurgia
650 7 _aStal
_2DBN
650 7 _aPróżnia
_2DBN
658 _aInżynieria i technika
658 _aFizyka i astronomia
700 1 _aKlisiewicz, Zygmunt
_eAutor
710 2 _aWydawnictwo "Śląsk"
_4pbl
830 0 _aBiblioteka Metalurga
856 _uhttp://koha.tu.koszalin.pl/cgi-bin/koha/opac-detail.pl?biblionumber=9577
_yKatalog online BPK
942 _2UKD
_cKS
999 _c9577
_d9577